| 000 | 01685cam a22001934a 4500 | ||
|---|---|---|---|
| 005 | 20250605164109.0 | ||
| 008 | 250528s ||||||||||||||||||||||||d | ||
| 035 | _a17844 | ||
| 020 | _a9789604697540 | ||
| 040 |
_aGR-AtMCL _bgre _dGR-AtMCL _eAACR2 |
||
| 245 | 1 |
_aΕισαγωγή στην Ψυχανάλυση / Sigmund Freud. _nΤόμος Α' |
|
| 260 |
_bΒήμα, _c2010 |
||
| 300 | _a242 | ||
| 520 | _aΟ Φρόιντ επέφερε σημαντικό πλήγμα στο επιστημονικό ορθολογιστικό κατεστημένο της εποχής, που ήθελε τον άνθρωπο να ελέγχει με τη λογική τη συμπεριφορά του, ενώ συνέβαλε τα μέγιστα στη θεραπεία των ψυχικών παθήσεων. Πρόλογος, Εισαγωγή, Η Ψυχολογία των Λαθών, Δυσκολίες και Προκαταρκτική Εισαγωγή στο Θέμα, Προκαταρκτικές Υποθέσεις και Τεχνική της Ερμηνείας, Έκδηλο Περιεχόμενο και Λανθάνουσες Σκέψεις, Παιδικά Όνειρα, Η Λογοκρισία του Ονείρου, Ο Συμβολισμός στα Όνειρα, Η Διεργασία του Ονείρου, Παραδείγματα και Ανάλυση Ονείρων, Αρχαϊκά και Παιδικά Χαρακτηριστικά στα Όνειρα, Εκπλήρωση της Επιθυμίας, Αμφίβολά Σημεία και Κριτικές Παρατηρήσεις. | ||
| 700 | 1 |
_aFreud Sigmund _9241 |
|
| 942 | _cBK | ||
| 999 |
_c3244 _d3244 |
||